000 01593nam a2200301 c 4500
999 _c60031
_d60031
003 BLK
005 20220826153005.0
008 180408b bul|||||r ||||||| ||bul||
010 _aKNG00064161000
040 _aBLK
041 _aBUL
_cBUL
080 _aЗащита от производствени вредности в предприятията - Прах, отровни газове и изпарения, бактерии, шум, вибрации, оптически и електрически въздействия, .
_b628.51
_x(035)
_z628.51(035)
080 _aМедицинска екология. Комунална хигиена и санитария. Хигиена на градове и села. Вж и 351. 77; 502. 6; 628
_b614.7
_x(035)
_z614.7(035)
100 1 _aМирчев, Васил А.
_eпърви автор
_9289531
139 _aМирчев, Васил А. и др.
_bМ 66
245 1 0 _aЗамърсяване на атмосферния въздух и средства за опазване на чистотата му
_bРъководство
_cВасил А. Мирчев; съавт. Димитър А. Минков; науч. ред. Павлина Друмева.
257 _aBGR
260 _aСофия
_bТехника
_c1974
300 _a304 с.
_c23 см
380 _a62
700 1 _aМинков, Димитър А.
_eсъавт.
_9289532
700 1 _aДрумева, Павлина
_eнауч. ред.
_9288885
852 _aЦб 73215
856 4 _qpdf
856 4 _qpdf
942 _cKNG
_n0
_s1
944 _aCR
_c13.06.2004
_kЧиталня
944 _aED
_c27.08.2015
944 _aED
_c2022-08-26
_kХристина Везирева
999 _d60031